Country Flight Destinations - Barbados - Statistics

General Stats
  • This quiz has been taken 11 times
  • The average score is 12 of 18
Answer Stats
Answer % Correct
United Kingdom
100%
United States
100%
Canada
90%
France(Guadeloupe, Martinique)
90%
Trinidad & Tobago
80%
Antigua & Barbuda
70%
Dominica
70%
Grenada
70%
Saint Lucia
70%
Saint Vincent & the Grenadines
70%
Jamaica
60%
Netherlands
60%
Saint Kitts & Nevis
60%
Guyana
50%
Venezuela
50%
Panama
40%
Germany
20%
Suriname
20%
No matching quizzes found
Score Distribution
Percent of People with Each Score
Percentile by Number Answered
Your Score History
You have not taken this quiz